000 01373nam a2200409 i 4500
001 7159
003 KOSZ 005
005 20191109110443.0
008 961010s1970 pl a f |000 0 pol
040 _cKOSZ 005
_aKOSZ 005
_dKOSZ 005/HR
041 _apol
080 _a621.73/.77
100 1 _aGalinowski, Jan
_eAutor
245 0 _aTechnologia obróbki bezwiórowej :
_bkonstrukcja oprzyrządowania do obróbki plastycznej /
_cJan Galinowski.
250 _aWyd. 2 popr.
260 _aBydgoszcz :
_bWyższa Szkoła Inżynierska,
_c1970.
300 _a372 strony :
_bilustracje ;
_c25 cm.
336 _2rdacontent
_aTekst
_btxt
337 _2rdamedia
_aBez urządzenia pośredniczącego
_bn
338 _2rdacarrier
_aWolumin
_bnc
380 _aKsiążki
380 _aPublikacje dydaktyczne
385 _mPoziom nauczania
_aSzkoły wyższe
388 _a1901-2000
388 _a1945-1989
504 _aBibliografia na stronach 361-364
650 7 _aObróbka plastyczna
650 7 _aObróbka metali
650 7 _aCiągnienie metali
650 7 _aTłocznictwo
650 7 _aNarzędzia
650 7 _aTłoczniki
655 7 _aPodręcznik
658 _aInżynieria i technika
856 _uhttp://koha.tu.koszalin.pl/cgi-bin/koha/opac-detail.pl?biblionumber=7159
_yKatalog online BPK
942 _cKS
_2UKD
999 _c7159
_d7159